[Event "4NCL-9899A BR-RIC"]
[Site "Rd8-Birmingham"]
[Date "1999.03.21"]
[Round "8.7"]
[White "Collier, David"]
[Black "Phillips, Roy"]
[Result "1/2-1/2"]
[WhiteElo "2245"]
[BlackElo "2245"]
[PlyCount "66"]
[EventDate "1999.03.21"]

1. d4 e6 2. e4 d5 3. e5 c5 4. c3 Qb6 5. Nf3 Bd7 6. Nbd2 cxd4 7. Nxd4 Nc6 8.
N2f3 Nge7 9. Bd3 Nxd4 10. Nxd4 Nc6 11. Nf3 Be7 12. O-O O-O 13. Qc2 h6 14. Bf4
f6 15. exf6 Bxf6 16. Bg3 e5 17. Nh4 e4 18. Be2 Ne7 19. Bh5 Kh7 20. Kh1 g6 21.
Be2 Bxh4 22. Bxh4 Nf5 23. Bg3 Nxg3+ 24. fxg3 Qe6 25. Rxf8 Rxf8 26. Rf1 Rxf1+
27. Bxf1 Qf5 28. Kg1 Bc6 29. Qf2 Qe6 30. Qe3 b6 31. Be2 Qe7 32. Kf2 Qc5 33. Qd4
Qxd4+ 1/2-1/2

[Event "4NCL-9899A IK-SL"]
[Site "Rd8-Birmingham"]
[Date "1999.03.21"]
[Round "8.1"]
[White "Gormally, Danny"]
[Black "Lalic, Bogdan"]
[Result "1/2-1/2"]
[WhiteElo "2465"]
[BlackElo "2549"]
[PlyCount "24"]
[EventDate "1999.03.21"]

1. d4 d5 2. c4 e6 3. Nc3 Bb4 4. Nf3 Nf6 5. Bg5 h6 6. Bxf6 Qxf6 7. e3 O-O 8. Rc1
Nd7 9. a3 Bxc3+ 10. Rxc3 c6 11. Bd3 dxc4 12. Bxc4 e5 1/2-1/2

[Event "4NCL-9899A IK-SL"]
[Site "Rd8-Birmingham"]
[Date "1999.03.21"]
[Round "8.2"]
[White "Miles, Anthony"]
[Black "Ledger, Andrew"]
[Result "1-0"]
[WhiteElo "2609"]
[BlackElo "2459"]
[PlyCount "83"]
[EventDate "1999.03.21"]

1. Nf3 Nf6 2. c4 c6 3. b3 d5 4. Bb2 Bg4 5. e3 e6 6. Be2 Bd6 7. h3 Bxf3 8. Bxf3
O-O 9. d3 Nbd7 10. Nd2 Qe7 11. O-O Rad8 12. Qc2 Rfe8 13. Rfe1 e5 14. Be2 Nf8
15. a3 Bb8 16. Rac1 h6 17. b4 N6h7 18. Bf1 Qd6 19. g3 h5 20. cxd5 cxd5 21. Nf3
Ng6 22. h4 f5 23. e4 f4 24. Bh3 Qf6 25. Kg2 Ne7 26. d4 exd4 27. Bxd4 Qf7 28. e5
fxg3 29. fxg3 Nc6 30. Rf1 Qxf3+ 31. Rxf3 Nxd4 32. Qg6 Nxf3 33. Be6+ Kh8 34. Bf5
Nf8 35. Qxh5+ Kg8 36. Qxf3 Rxe5 37. Rc8 Rxc8 38. Bxc8 Nh7 39. Bxb7 Nf6 40. g4
d4 41. g5 Re3 42. Qf5 1-0

[Event "4NCL-9899A IK-SL"]
[Site "Rd8-Birmingham"]
[Date "1999.03.21"]
[Round "8.3"]
[White "McDonald, Neil"]
[Black "Turner, Matthew"]
[Result "0-1"]
[WhiteElo "2454"]
[BlackElo "2463"]
[PlyCount "120"]
[EventDate "1999.03.21"]

1. e4 e5 2. Nf3 Nc6 3. Bc4 Nf6 4. d3 Bc5 5. Nbd2 O-O 6. Bb3 d5 7. c3 Be6 8. O-O
Bb6 9. exd5 Bxd5 10. Nc4 Bxc4 11. Bxc4 Qd6 12. Qe2 Rad8 13. b4 a6 14. a4 Nd5
15. Bd2 Nf6 16. Rfd1 h6 17. b5 axb5 18. axb5 Na5 19. Ba2 Rfe8 20. Be3 Bxe3 21.
Qxe3 b6 22. d4 e4 23. Nd2 {(Draw offer)} Nd5 24. Bxd5 Qxd5 25. Qf4 Rd7 26. Re1
Rde7 27. Nf1 Qxb5 28. Ng3 Qg5 29. Qxg5 hxg5 30. Nf5 Re6 31. g4 Nb3 32. Ra7 Nd2
33. Rea1 Rc6 34. R1a3 Nb1 35. Ra8 Rce6 36. Rxe8+ Rxe8 37. Ra7 g6 38. Ne3 Nxc3
39. Rxc7 Ne2+ 40. Kg2 Nxd4 41. Nd5 Re6 42. Rb7 b5 43. Nc3 Re5 44. Rd7 Ne6 45.
Rb7 Nf4+ 46. Kf1 Rc5 47. Ne2 Rd5 48. Ke1 Nd3+ 49. Kf1 b4 50. Ng3 f5 51. gxf5
gxf5 52. Nh5 Ra5 53. f3 Ra1+ 54. Ke2 Ra2+ 55. Ke3 f4+ 56. Kd4 exf3 57. Rd7 Kf8
58. Nf6 Ra6 59. Ne4 f2 60. Nd2 Ra2 0-1

[Event "4NCL-9899A IK-SL"]
[Site "Rd8-Birmingham"]
[Date "1999.03.21"]
[Round "8.4"]
[White "Kosten, Anthony"]
[Black "Chandler, Cliff"]
[Result "1-0"]
[WhiteElo "2502"]
[BlackElo "2260"]
[PlyCount "79"]
[EventDate "1999.03.21"]

1. c4 Nf6 2. g3 c5 3. Bg2 d5 4. cxd5 Nxd5 5. Nc3 Nc7 6. Nf3 Nc6 7. O-O e5 8.
Ne1 Be7 9. Nd3 O-O 10. Bxc6 bxc6 11. Nxe5 Bf6 12. Nc4 Bh3 13. Re1 Re8 14. d3
Bxc3 15. bxc3 Qf6 16. e4 Nb5 17. Qh5 Qe6 18. Ne3 Rad8 19. g4 Qf6 20. Nf5 Rxd3
21. Be3 Nxc3 22. Qxh3 Nxe4 23. Qg2 h5 24. Bxc5 Re5 25. Bd4 Rxd4 26. Nxd4 Nd2
27. Qxc6 Rxe1+ 28. Rxe1 Qxd4 29. Qc8+ Kh7 30. Qf5+ g6 31. Qxf7+ Kh6 32. Qf8+
Kg5 33. Qe7+ Kxg4 34. h3+ Kf5 35. Qe6+ Kf4 36. Qe3+ Qxe3 37. Rxe3 Nf3+ 38. Kg2
Nh4+ 39. Kf1 Nf3 40. Ra3 1-0

[Event "4NCL-9899A IK-SL"]
[Site "Rd8-Birmingham"]
[Date "1999.03.21"]
[Round "8.5"]
[White "Farndon, David"]
[Black "Spraggett, Kevin"]
[Result "1/2-1/2"]
[WhiteElo "2263"]
[BlackElo "2523"]
[PlyCount "105"]
[EventDate "1999.03.21"]

1. Nf3 Nf6 2. c4 c5 3. g3 e6 4. Bg2 a6 5. Nc3 Qc7 6. O-O d6 7. b3 Be7 8. Bb2
O-O 9. d4 cxd4 10. Nxd4 Re8 11. Rc1 Nbd7 12. Re1 Ne5 13. e3 Bd7 14. Re2 Rab8
15. Rd2 Qa5 16. Ne4 Nxe4 17. Bxe4 Ng6 18. Bg2 Red8 19. Rdc2 Bf8 20. Bc3 Qc7 21.
Bb2 Rbc8 22. Qe2 Qb8 23. Nf3 h6 24. Nd4 b6 25. Qd2 Ne5 26. Qd1 Rc7 27. Qe2 Rdc8
28. Qd1 Be8 29. Nf3 Nd7 30. e4 e5 31. Bh3 Rd8 32. Nd2 Nc5 33. Qe2 b5 34. Qe3
Qb7 35. cxb5 axb5 36. b4 Na6 37. Rxc7 Nxc7 38. a3 Ne6 39. Bg2 Be7 40. h4 Qa6
41. Qd3 Qb6 42. Nf1 Qb7 43. Ne3 Bc6 44. Nd5 Bf8 45. Qd1 Rc8 46. Qd3 Bd7 47.
Rxc8 Bxc8 48. Bc1 Bd7 49. Be3 Bc6 50. Qc3 Kh8 51. Qd3 Kg8 52. Qc3 Kh8 53. Qd3
1/2-1/2

[Event "4NCL-9899A IK-SL"]
[Site "Rd8-Birmingham"]
[Date "1999.03.21"]
[Round "8.6"]
[White "Hebden, Mark"]
[Black "Alfred, Nathan"]
[Result "1/2-1/2"]
[WhiteElo "2556"]
[BlackElo "2215"]
[PlyCount "86"]
[EventDate "1999.03.21"]

1. d4 Nf6 2. Nf3 g6 3. Nc3 d5 4. Bf4 Bg7 5. e3 O-O 6. Be2 c5 7. Ne5 Nc6 8. O-O
cxd4 9. exd4 Qb6 10. Nxc6 bxc6 11. Na4 Qd8 12. Be5 Nd7 13. Bxg7 Kxg7 14. c3 Rb8
15. b4 Qc7 16. Re1 f6 17. Bg4 e5 18. Bxd7 Bxd7 19. Nc5 Rbe8 20. f3 Bf5 21. Qd2
Qf7 22. Re3 e4 23. Rae1 exf3 24. gxf3 Rxe3 25. Qxe3 Qc7 26. a4 Rf7 27. a5 g5
28. Nb3 Bd7 29. Nd2 h5 30. Nf1 h4 31. Nd2 Qd6 32. Nb3 Kf8 33. Nc5 Re7 34. Qd2
Rxe1+ 35. Qxe1 Bf5 36. Qe3 Qe7 37. Kf2 Qd6 38. Kg2 Qe7 39. Qxe7+ Kxe7 40. Nb3
Ke6 41. Nd2 Bd3 42. Kf2 Kf5 43. Ke3 Ba6 1/2-1/2

[Event "4NCL-9899A IK-SL"]
[Site "Rd8-Birmingham"]
[Date "1999.03.21"]
[Round "8.7"]
[White "Bibby, Simon"]
[Black "McNab, Colin"]
[Result "1/2-1/2"]
[WhiteElo "2210"]
[BlackElo "2428"]
[PlyCount "83"]
[EventDate "1999.03.21"]

1. e4 g6 2. d4 d6 3. Nc3 c6 4. Be3 Nf6 5. h3 Nbd7 6. g4 b5 7. a3 e5 8. Bg2 Qc7
9. f4 Be7 10. Nf3 Bb7 11. O-O O-O 12. Kh1 c5 13. dxe5 dxe5 14. Nxe5 Nxe5 15.
fxe5 Qxe5 16. Bf4 Qe6 17. Qf3 Rad8 18. Rae1 a6 19. Nd5 Nd7 20. Bh6 Bd6 21. Bxf8
Rxf8 22. Nf6+ Nxf6 23. Qxf6 Qe5 24. Qxe5 Bxe5 25. c3 Re8 26. Rd1 Bc6 27. Rfe1
Kg7 28. Bf3 Kf6 29. Kg2 Rb8 30. h4 h6 31. Re2 Ke7 32. Kf2 Rb7 33. Red2 Rb8 34.
Bg2 Bf4 35. Re2 Be5 36. Kf3 f5 37. gxf5 gxf5 38. Kf2 Rg8 39. Kf1 f4 40. Kf2 Bd7
41. Bf3 b4 42. axb4 1/2-1/2

[Event "4NCL-9899A IK-SL"]
[Site "Rd8-Birmingham"]
[Date "1999.03.21"]
[Round "8.8"]
[White "Lalic, Susan"]
[Black "Richards, Heather"]
[Result "1/2-1/2"]
[WhiteElo "2335"]
[BlackElo "2085"]
[PlyCount "73"]
[EventDate "1999.03.21"]

1. e4 e6 2. d4 d5 3. e5 c5 4. c3 Nc6 5. Nf3 Bd7 6. Be2 Nge7 7. Na3 Ng6 8. h4
Be7 9. h5 Nh4 10. Nxh4 Bxh4 11. Bd3 cxd4 12. cxd4 f5 13. Nc2 Be7 14. g4 Qb6 15.
gxf5 exf5 16. Be2 O-O-O 17. f4 g6 18. b3 Kb8 19. Be3 Rc8 20. Bf3 Qb5 21. Kf2
Be6 22. Rc1 Qa5 23. a3 a6 24. b4 Qa4 25. Qd3 Na7 26. hxg6 hxg6 27. Rxh8 Rxh8
28. Rh1 Rxh1 29. Bxh1 Nc8 30. Bc1 Nb6 31. Ne3 Bh4+ 32. Kg1 Qc6 33. Qc2 Qxc2 34.
Nxc2 Nc4 35. Kf1 Kc7 36. Na1 Kc6 37. Bf3 1/2-1/2

[Event "4NCL-9899A NWE-HH"]
[Site "Rd8-Birmingham"]
[Date "1999.03.21"]
[Round "8.1"]
[White "Littlewood, John"]
[Black "Hennigan, Michael"]
[Result "1-0"]
[WhiteElo "2295"]
[BlackElo "2430"]
[PlyCount "77"]
[EventDate "1999.03.21"]

1. e4 c5 2. c3 Nf6 3. d3 Nc6 4. f4 d5 5. e5 Nd7 6. Nf3 e6 7. g3 b5 8. Bg2 Be7
9. O-O O-O 10. Qe2 Nb6 11. Be3 a5 12. Nbd2 Rb8 13. Rad1 Na4 14. Nb1 c4 15. Qf2
cxd3 16. b3 Nb6 17. Ne1 Nc4 18. bxc4 bxc4 19. Nd2 Rb2 20. Qf3 Bd7 21. Qh5 g6
22. Qh3 f6 23. Nef3 Qc7 24. Nd4 Nxd4 25. Bxd4 f5 26. g4 Bc5 27. Nf3 Bxd4+ 28.
Nxd4 Qb6 29. gxf5 gxf5 30. Rf3 Rb1 31. Rxb1 Qxb1+ 32. Bf1 Kh8 33. Qh6 Rf7 34.
Qh5 Be8 35. Rg3 d2 36. Qg5 Qxf1+ 37. Kxf1 d1=Q+ 38. Kf2 Qd2+ 39. Ne2 1-0

[Event "4NCL-9899A NWE-HH"]
[Site "Rd8-Birmingham"]
[Date "1999.03.21"]
[Round "8.2"]
[White "Black, Richard"]
[Black "Quillan, Gary"]
[Result "1/2-1/2"]
[WhiteElo "2240"]
[BlackElo "2335"]
[PlyCount "75"]
[EventDate "1999.03.21"]

1. e4 e6 2. d4 d5 3. Nd2 Nf6 4. e5 Nfd7 5. Bd3 c5 6. c3 Nc6 7. Ne2 cxd4 8. cxd4
f6 9. Nf4 Nxd4 10. Qh5+ Ke7 11. Ng6+ hxg6 12. exf6+ Kxf6 13. Qxh8 Kf7 14. O-O
Nc5 15. Bb1 Qf6 16. Nb3 Ncxb3 17. axb3 Bd7 18. Be3 Bd6 19. Qh7 Nc6 20. h4 Ne7
21. Bg5 Qe5 22. g3 Bc5 23. Bf4 Qxb2 24. h5 Qf6 25. hxg6+ Nxg6 26. Qh5 Bb5 27.
Rc1 Bb6 28. Be3 d4 29. Bg5 Rh8 30. Bxg6+ Qxg6 31. Qxh8 Qxg5 32. Rc8 Qe5 33. Qh1
d3 34. Qf3+ Kg6 35. Qg4+ Kf7 36. Qf3+ Kg6 37. Qg4+ Kf7 38. Qf3+ 1/2-1/2

[Event "4NCL-9899A NWE-HH"]
[Site "Rd8-Birmingham"]
[Date "1999.03.21"]
[Round "8.3"]
[White "Lund, Brett"]
[Black "Chan, Nevil"]
[Result "1-0"]
[WhiteElo "2295"]
[BlackElo "2000"]
[PlyCount "45"]
[EventDate "1999.03.21"]

1. g3 Nf6 2. Bg2 g6 3. e4 d6 4. d4 Bg7 5. Ne2 O-O 6. O-O e5 7. h3 c6 8. a4 Qc7
9. Nbc3 Na6 10. Be3 Bd7 11. Qd2 Rad8 12. f4 exd4 13. Bxd4 Be6 14. g4 c5 15. Bf2
Ne8 16. Bh4 f6 17. f5 Bc4 18. Nf4 g5 19. Nfd5 Qf7 20. Bg3 Bxd5 21. exd5 Nec7
22. Rfe1 Rfe8 23. Re6 1-0

[Event "4NCL-9899A NWE-HH"]
[Site "Rd8-Birmingham"]
[Date "1999.03.21"]
[Round "8.4"]
[White "Martin, Barry"]
[Black "Tebb, David"]
[Result "1/2-1/2"]
[WhiteElo "2010"]
[BlackElo "2256"]
[PlyCount "44"]
[EventDate "1999.03.21"]

1. d4 Nf6 2. Nf3 g6 3. c4 Bg7 4. e3 O-O 5. Nc3 d5 6. Be2 dxc4 7. Bxc4 c5 8. d5
Nbd7 9. O-O Nb6 10. Qb3 Nxc4 11. Qxc4 b6 12. e4 e6 13. Bg5 h6 14. Bxf6 Bxf6 15.
e5 exd5 16. Nxd5 Bg7 17. Rad1 Be6 18. Qe4 Bxd5 19. Rxd5 Qe7 20. Rfd1 Rad8 21.
b3 Rxd5 22. Rxd5 Rd8 1/2-1/2

[Event "4NCL-9899A NWE-HH"]
[Site "Rd8-Birmingham"]
[Date "1999.03.21"]
[Round "8.5"]
[White "Smith, Alan A"]
[Black "Houska, Mario"]
[Result "1-0"]
[WhiteElo "2240"]
[BlackElo "1560"]
[PlyCount "89"]
[EventDate "1999.03.21"]

1. e4 d5 2. Nc3 dxe4 3. Nxe4 Bf5 4. Ng3 Bg6 5. h4 h6 6. Nf3 Nf6 7. Ne5 Bh7 8.
Bc4 e6 9. Qe2 Qe7 10. b3 Nbd7 11. Nxd7 Nxd7 12. Bb2 Nb6 13. Bd3 Bxd3 14. Qxd3
Qd7 15. Qe2 O-O-O 16. O-O-O Kb8 17. Ne4 Rg8 18. Kb1 Be7 19. d4 Nd5 20. Qf3 f5
21. Nd2 g5 22. hxg5 hxg5 23. g3 g4 24. Qd3 Rh8 25. Nc4 Bd6 26. Rhe1 Rh2 27. Re2
Rdh8 28. Nxd6 cxd6 29. c4 Ne7 30. Qe3 R8h6 31. d5 e5 32. Bxe5 Nc8 33. Bd4 b6
34. Rde1 Qh7 35. Kb2 Rh1 36. Qf4 Rxe1 37. Rxe1 Rh1 38. Re8 Qd7 39. Rf8 Re1 40.
Qxf5 Re2+ 41. Kc3 Qb7 42. Qxg4 Rxa2 43. Qe6 Qc7 44. Rf7 Qd8 45. Bf6 1-0

[Event "4NCL-9899A NWE-HH"]
[Site "Rd8-Birmingham"]
[Date "1999.03.21"]
[Round "8.6"]
[White "Partington, Anna"]
[Black "Kennaugh, Charles"]
[Result "0-1"]
[WhiteElo "1328"]
[BlackElo "2283"]
[PlyCount "60"]
[EventDate "1999.03.21"]

1. e4 c5 2. c3 d5 3. exd5 Qxd5 4. d4 Nf6 5. Nf3 e6 6. Be2 Be7 7. O-O cxd4 8.
Nxd4 a6 9. Bf3 Qd6 10. Nd2 O-O 11. Nc4 Qc7 12. Qb3 Nbd7 13. Re1 Re8 14. Nd2 Nc5
15. Qc2 Bd7 16. N2b3 Rac8 17. Be3 Nxb3 18. Qxb3 e5 19. Nc2 e4 20. Be2 b5 21.
Nd4 Red8 22. f3 Bd6 23. g3 Bxg3 24. hxg3 Qxg3+ 25. Kh1 Rc5 26. fxe4 Qh3+ 27.
Kg1 Qxe3+ 28. Kh1 Qh3+ 29. Kg1 Rg5+ 30. Kf2 Nxe4# 0-1

[Event "4NCL-9899A BAR2-IK"]
[Site "Rd9-Birmingham"]
[Date "1999.05.01"]
[Round "9.1"]
[White "Crouch, Colin"]
[Black "Gormally, Danny"]
[Result "0-1"]
[WhiteElo "2430"]
[BlackElo "2465"]
[PlyCount "62"]
[EventDate "1999.05.01"]

1. d4 Nf6 2. c4 g6 3. Nc3 d5 4. Nf3 Bg7 5. Bg5 dxc4 6. Qa4+ c6 7. Qxc4 Qb6 8.
e4 Qxb2 9. Rb1 Qa3 10. e5 Be6 11. Qb4 Qxb4 12. Rxb4 Nd5 13. Nxd5 Bxd5 14. Rxb7
Nd7 15. Rb2 h6 16. Be3 O-O 17. Bd3 c5 18. dxc5 Nxe5 19. Nxe5 Bxe5 20. Rc2 Bxg2
21. Rg1 Bf3 22. Be2 Be4 23. Rc4 Bd5 24. Bxh6 Rfc8 25. Rc2 Bxh2 26. Rg4 Be5 27.
Rg5 Be4 28. Rxe5 Bxc2 29. Ba6 Rc7 30. c6 Ba4 31. Bb7 Re8 0-1

[Event "4NCL-9899A BAR2-IK"]
[Site "Rd9-Birmingham"]
[Date "1999.05.01"]
[Round "9.2"]
[White "Ledger, Andrew"]
[Black "Twyble, Michael"]
[Result "1-0"]
[WhiteElo "2459"]
[BlackElo "2216"]
[PlyCount "107"]
[EventDate "1999.05.01"]

1. e4 e5 2. Bc4 Nf6 3. d3 Nc6 4. Nc3 Bb4 5. Nge2 d5 6. exd5 Nxd5 7. O-O Be6 8.
Bxd5 Bxd5 9. f4 O-O 10. f5 Bxc3 11. bxc3 f6 12. Ng3 Re8 13. Qg4 Kh8 14. a4 Qd7
15. Ba3 Rad8 16. Rae1 e4 17. c4 Ne5 18. Qh4 Qxa4 19. cxd5 Qxa3 20. Qxe4 Qf8 21.
Nh5 c6 22. Qa4 Rxd5 23. Qxa7 Ng4 24. h3 Nh6 25. Qxb7 Rde5 26. Rxe5 Rxe5 27. Qd7
c5 28. Ng3 Qe8 29. Qxe8+ Rxe8 30. Kf2 Kg8 31. Kf3 Re5 32. Kf4 Kf7 33. Rb1 Nxf5
34. Nxf5 g5+ 35. Kg4 h5+ 36. Kxh5 Rxf5 37. Rb5 Ke6 38. g4 Rf3 39. Rxc5 Rxh3+
40. Kg6 Rg3 41. Rc6+ Ke5 42. Rxf6 Rxg4 43. Rf5+ Kd4 44. Rxg5 Rf4 45. Kh5 Rf2
46. Rg4+ Ke5 47. Rc4 Rg2 48. Kh4 Kd5 49. Kh3 Rg1 50. Rg4 Rc1 51. c4+ Ke5 52.
Kg3 Rd1 53. Re4+ Kf5 54. Rd4 1-0

[Event "4NCL-9899A BAR2-IK"]
[Site "Rd9-Birmingham"]
[Date "1999.05.01"]
[Round "9.3"]
[White "Pert, Richard"]
[Black "McDonald, Neil"]
[Result "1/2-1/2"]
[WhiteElo "2288"]
[BlackElo "2454"]
[PlyCount "55"]
[EventDate "1999.05.01"]

1. e4 g6 2. d4 Bg7 3. c3 d6 4. Bd3 Nf6 5. Nf3 O-O 6. O-O Nc6 7. Nbd2 e5 8. h3
Nh5 9. Nb3 Kh8 10. Be3 Qe8 11. Re1 f5 12. dxe5 f4 13. Bd4 dxe5 14. Bc5 Rf6 15.
Be2 b6 16. Ba3 Bb7 17. Nbd2 Nd8 18. Nc4 Nf7 19. Nfd2 Rd8 20. Qc2 Ng5 21. Bg4
Rc6 22. b3 Nf6 23. Be2 Ba8 24. f3 Bf8 25. b4 a5 26. Qa4 axb4 27. cxb4 Ne6 28.
b5 1/2-1/2

[Event "4NCL-9899A BAR2-IK"]
[Site "Rd9-Birmingham"]
[Date "1999.05.01"]
[Round "9.4"]
[White "Dickenson, Neil"]
[Black "Palliser, Richard"]
[Result "1/2-1/2"]
[WhiteElo "2315"]
[BlackElo "2245"]
[PlyCount "92"]
[EventDate "1999.05.01"]

1. d4 Nf6 2. Nf3 g6 3. Nc3 d5 4. Bf4 Bg7 5. e3 O-O 6. Be2 c5 7. Ne5 Nc6 8. O-O
Bf5 9. Nxc6 bxc6 10. Na4 cxd4 11. exd4 Nd7 12. Bg5 Qa5 13. c3 e5 14. dxe5 Nxe5
15. b3 Nd7 16. Bd2 Qc7 17. Rc1 Rfe8 18. Re1 Be5 19. h3 Bd6 20. Be3 Rxe3 21.
fxe3 Ba3 22. Ra1 Qg3 23. Bd3 Bxd3 24. Qxd3 Bd6 25. Qe2 Qh2+ 26. Kf1 Bg3 27. Qd2
Qh1+ 28. Ke2 Qxg2+ 29. Kd1 Qxd2+ 30. Kxd2 Bxe1+ 31. Rxe1 Re8 32. Rf1 Re5 33. h4
Rh5 34. Rf4 Kf8 35. Ke2 Ke7 36. c4 dxc4 37. Rxc4 Ne5 38. Rb4 Kd6 39. Rd4+ Kc7
40. Nc5 g5 41. hxg5 Rxg5 42. Ra4 Kb6 43. b4 Rg2+ 44. Kf1 Rg3 45. e4 h5 46. Ra5
Nc4 1/2-1/2

[Event "4NCL-9899A BAR2-IK"]
[Site "Rd9-Birmingham"]
[Date "1999.05.01"]
[Round "9.5"]
[White "Duncan, Chris"]
[Black "Farndon, David"]
[Result "1/2-1/2"]
[WhiteElo "2265"]
[BlackElo "2263"]
[PlyCount "80"]
[EventDate "1999.05.01"]

1. Nf3 c5 2. c4 g6 3. d4 cxd4 4. Nxd4 Nc6 5. e4 Nf6 6. Nc3 d6 7. Be2 Nxd4 8.
Qxd4 Bg7 9. Bg5 O-O 10. Qd2 Be6 11. Rc1 a6 12. b3 Qa5 13. f3 Rfc8 14. Nd5 Qxd2+
15. Kxd2 Nxd5 16. cxd5 Bd7 17. Rxc8+ Rxc8 18. Rc1 Rxc1 19. Kxc1 Kf8 20. a4 Bd4
21. Kc2 Bg1 {(Draw offer)} 22. h3 Bf2 23. Bd2 e5 24. dxe6 Bxe6 25. Kc3 d5 26.
exd5 Bxd5 27. Bc4 Bc6 28. Bg5 Kg7 29. Kb4 Bb6 30. Be7 h5 31. Bd3 f6 32. Bc4 g5
33. Be6 Kg6 34. Kc4 Bf2 35. Kb4 Be1+ 36. Kc5 Bf2+ 37. Kd6 Bg3+ 38. Kc5 Bf2+ 39.
Kd6 Bg3+ 40. Kc5 Bf2+ 1/2-1/2

[Event "4NCL-9899A BAR2-IK"]
[Site "Rd9-Birmingham"]
[Date "1999.05.01"]
[Round "9.6"]
[White "Sugden, John"]
[Black "Sands, David"]
[Result "0-1"]
[WhiteElo "2252"]
[BlackElo "2251"]
[PlyCount "82"]
[EventDate "1999.05.01"]

1. e4 c5 2. Nc3 Nc6 3. g3 g6 4. Bg2 Bg7 5. d3 d6 6. f4 e6 7. Nf3 Nge7 8. O-O
O-O 9. Be3 Nd4 10. Rb1 Nec6 11. Ne2 Nxe2+ 12. Qxe2 b6 13. Nh4 Bb7 14. c3 Re8
15. Qf2 d5 16. e5 d4 17. cxd4 cxd4 18. Bxd4 Nxd4 19. Bxb7 Rb8 20. Be4 Bf8 21.
Kh1 Rc8 22. Rfc1 Qd7 23. Ng2 Nf5 24. g4 Rxc1+ 25. Rxc1 Bc5 26. Rxc5 bxc5 27.
gxf5 exf5 28. Bf3 Qxd3 29. Ne3 Rd8 30. b3 Rd4 31. Be2 Qd2 32. Kg2 Qxa2 33. Qf3
Qxb3 34. Nc4 Qa2 35. Nd6 a5 36. Kg3 Qd5 37. Qxd5 Rxd5 38. Bc4 Rd4 39. Bxf7+ Kf8
40. Be6 a4 41. Nb7 c4 0-1

[Event "4NCL-9899A BAR2-IK"]
[Site "Rd9-Birmingham"]
[Date "1999.05.01"]
[Round "9.7"]
[White "Kenworthy, Gary"]
[Black "Bibby, Simon"]
[Result "1/2-1/2"]
[WhiteElo "2275"]
[BlackElo "2210"]
[PlyCount "101"]
[EventDate "1999.05.01"]

1. e4 e6 2. d4 d5 3. Nc3 Nf6 4. Bg5 Bb4 5. e5 h6 6. Bd2 Bxc3 7. bxc3 Ne4 8. Bd3
Nxd2 9. Qxd2 c5 10. Nf3 Qe7 11. O-O c4 12. Be2 Bd7 13. g3 Nc6 14. Nh4 b5 15. f4
g6 16. Ng2 a5 17. Ne3 Qa3 18. Ng4 b4 19. Nf6+ Kd8 20. cxb4 axb4 21. Bxc4 dxc4
22. d5 Qa7+ 23. Kh1 exd5 24. Qxd5 Ne7 25. Qd2 Kc8 26. Nxd7 Qxd7 27. Qxb4 Qb7+
28. Qxb7+ Kxb7 29. Rfb1+ Kc6 30. Rb4 Kc5 31. Rb7 Rhe8 32. Rc7+ Kb4 33. Rb1+ Kc3
34. Rb3+ Kd2 35. Rxc4 Rxa2 36. Rd3+ Kc1 37. Rd7 Rxc2 38. Rxc2+ Kxc2 39. Kg2 Kc3
40. Kf3 Kc4 41. g4 g5 42. Rc7+ Kd5 43. Rd7+ Kc5 44. Rc7+ Nc6 45. Rxf7 Rxe5 46.
Rf6 Nd4+ 47. Kf2 Re2+ 48. Kg3 Re3+ 49. Kg2 Ne6 50. Kf2 gxf4 51. Rxf4 1/2-1/2

[Event "4NCL-9899A BAR2-IK"]
[Site "Rd9-Birmingham"]
[Date "1999.05.01"]
[Round "9.8"]
[White "Richards, Heather"]
[Black "Lang, Heather"]
[Result "0-1"]
[WhiteElo "2085"]
[BlackElo "2057"]
[PlyCount "65"]
[EventDate "1999.05.01"]

1. e4 e5 2. Nc3 Nf6 3. Bc4 Bc5 4. d3 a6 5. f4 d6 6. f5 g6 7. Bg5 h6 8. Bxf6
Qxf6 9. Nd5 Qd8 10. Qf3 gxf5 11. Qg3 Nd7 12. Qg7 Rf8 13. Qxh6 c6 14. Ne3 Qb6
15. Nxf5 Qxb2 16. Rc1 Nf6 17. Ng7+ Ke7 18. h3 Nxe4 19. Ne2 Bb4+ 20. Kf1 Bd2 21.
Qh4+ Bg5 22. Qxe4 Bxc1 23. Qh4+ Kd7 24. Nf5 Kc7 25. Qe7+ Bd7 26. Qxd6+ Kb6 27.
Qxd7 Be3 28. Nxe3 f5 29. Kg1 Rad8 30. Qg7 f4 31. Nf1 f3 32. gxf3 Rxf3 33. Kg2 {
time} 0-1

[Event "4NCL-9899A BCM-NWE"]
[Site "Rd9-Birmingham"]
[Date "1999.05.01"]
[Round "9.1"]
[White "Rogers, Ian"]
[Black "Lund, Brett"]
[Result "1-0"]
[WhiteElo "2618"]
[BlackElo "2295"]
[PlyCount "65"]
[EventDate "1999.05.01"]

1. e4 c5 2. Nf3 e6 3. b3 b6 4. Bb2 Bb7 5. Qe2 Nc6 6. g3 d6 7. Bg2 e5 8. O-O g6
9. c3 Bg7 10. d4 Nf6 11. Rd1 Qe7 12. d5 Nb8 13. a4 O-O 14. b4 Nbd7 15. a5 bxa5
16. Rxa5 Rfc8 17. Nbd2 cxb4 18. cxb4 Rc2 19. Rb1 a6 20. Qd1 Rac8 21. Bf1 Nb8
22. Bd3 R2c7 23. Qe2 Nfd7 24. Nc4 Bf8 25. Nfd2 Re8 26. Ba3 Qf6 27. Qf3 Qxf3 28.
Nxf3 Nf6 29. Nfd2 Nbd7 30. b5 axb5 31. Nxd6 Bxd6 32. Bxd6 Rc3 33. Bxb5 1-0

[Event "4NCL-9899A BCM-NWE"]
[Site "Rd9-Birmingham"]
[Date "1999.05.01"]
[Round "9.2"]
[White "Quillan, Gary"]
[Black "Chandler, Murray"]
[Result "0-1"]
[WhiteElo "2335"]
[BlackElo "2520"]
[PlyCount "84"]
[EventDate "1999.05.01"]

1. e4 c5 2. Nc3 Nc6 3. f4 g6 4. Nf3 Bg7 5. Bb5 e6 6. Bxc6 bxc6 7. d3 d5 8. O-O
Nf6 9. Qe1 O-O 10. e5 Nd7 11. Na4 Ba6 12. b3 Bb5 13. Nb2 f6 14. c4 Ba6 15. exf6
Qxf6 16. Qa5 Bc8 17. Rb1 e5 18. fxe5 Nxe5 19. Be3 Nxf3+ 20. Rxf3 Qe5 21. Rxf8+
Bxf8 22. Qd2 Bd6 23. g3 Bh3 24. Re1 Rf8 25. Nd1 Rf3 26. Bf2 Qf5 27. Re3 Bf8 28.
Qe2 Bg4 29. Qd2 Qf6 30. cxd5 cxd5 31. Nc3 Rxe3 32. Bxe3 Qf3 33. d4 c4 34. Qf2
Bb4 35. Nb5 Qd1+ 36. Qf1 Qd3 37. Bf4 Be2 38. Qf2 Qd1+ 39. Kg2 Bd3 40. Nd6 Bxd6
41. Bxd6 Be4+ 42. Kh3 Qh5# 0-1

[Event "4NCL-9899A BCM-NWE"]
[Site "Rd9-Birmingham"]
[Date "1999.05.01"]
[Round "9.3"]
[White "Mestel, Jonathan"]
[Black "Littlewood, John"]
[Result "1-0"]
[WhiteElo "2485"]
[BlackElo "2295"]
[PlyCount "59"]
[EventDate "1999.05.01"]

1. c4 e5 2. Nc3 Nf6 3. Nf3 d6 4. g3 g6 5. Bg2 Bg7 6. d3 h6 7. Rb1 O-O 8. b4 Bg4
9. h3 Be6 10. O-O Nc6 11. b5 Ne7 12. a4 Qc8 13. Kh2 e4 14. Nxe4 Nxe4 15. dxe4
Bxc4 16. Bb2 f6 17. Rc1 Bf7 18. h4 Qd8 19. Nd4 d5 20. exd5 Nxd5 21. h5 g5 22.
Nf5 Re8 23. Rc5 Nb6 24. Qc2 Nd7 25. Rxc7 Rxe2 26. Qxe2 Qxc7 27. Rc1 Qa5 28. Nd6
Bb3 29. Nxb7 Qxa4 30. Rc7 1-0

[Event "4NCL-9899A BCM-NWE"]
[Site "Rd9-Birmingham"]
[Date "1999.05.01"]
[Round "9.4"]
[White "Kennaugh, Charles"]
[Black "Bellin, Robert"]
[Result "1/2-1/2"]
[WhiteElo "2283"]
[BlackElo "2360"]
[PlyCount "67"]
[EventDate "1999.05.01"]

1. e4 e5 2. f4 exf4 3. Nf3 d6 4. Nc3 g5 5. d4 Bg7 6. g3 g4 7. Nh4 f3 8. Be3 Nc6
9. Qd2 Nce7 10. h3 h5 11. O-O-O c6 12. Bd3 Qa5 13. hxg4 hxg4 14. Bc4 b5 15. Bb3
b4 16. Na4 Nf6 17. e5 Ne4 18. Qe1 d5 19. Nc5 Nxc5 20. dxc5 Qb5 21. Bg5 Qxc5 22.
Bf6 Rg8 23. Qd2 Be6 24. Qd3 O-O-O 25. Qa6+ Kb8 26. Ba4 Bxf6 27. exf6 Nc8 28.
Bxc6 Qb6 29. Qa4 a6 30. Rhe1 Na7 31. Rxe6 fxe6 32. f7 Rgf8 33. Be8 Nc6 34. Bxc6
1/2-1/2

[Event "4NCL-9899A BCM-NWE"]
[Site "Rd9-Birmingham"]
[Date "1999.05.01"]
[Round "9.5"]
[White "Richardson, John"]
[Black "Tebb, David"]
[Result "1-0"]
[WhiteElo "2316"]
[BlackElo "2256"]
[PlyCount "111"]
[EventDate "1999.05.01"]

1. d4 Nf6 2. c4 c5 3. e3 g6 4. Nc3 Bg7 5. Nf3 O-O 6. Be2 d6 7. O-O Bf5 8. d5
Ne4 9. Nxe4 Bxe4 10. Ng5 Bf5 11. e4 Bc8 12. f4 e6 13. dxe6 fxe6 14. Bd3 Nc6 15.
Qg4 Nd4 16. Be3 Qe8 17. e5 Nf5 18. Qh3 h6 19. Ne4 Qd8 20. Nxd6 Nxd6 21. exd6
Qxd6 22. Bxg6 e5 23. Qh5 exf4 24. Bxc5 Bd4+ 25. Bxd4 Qxd4+ 26. Kh1 Qxb2 27.
Qxh6 Qg7 28. Qxg7+ Kxg7 29. Be4 Rb8 30. Bd5 b5 31. c5 b4 32. Rae1 Rb5 33. Re7+
Kh6 34. Rc7 Bg4 35. Re1 Rc8 36. Rxc8 Bxc8 37. Rc1 Kg5 38. Bb3 Kf6 39. Kg1 Ke5
40. Kf2 Bg4 41. h3 Bf5 42. c6 Bc8 43. Kf3 Rb6 44. Rc4 a5 45. Ba4 Rb8 46. Rc5+
Kd6 47. Rxa5 Be6 48. Bb3 Bxb3 49. axb3 Kxc6 50. Kxf4 Rd8 51. Re5 Rd1 52. Re3
Kd5 53. g4 Kd4 54. g5 Rf1+ 55. Rf3 Rh1 56. g6 1-0